Bot Pack - Statistics

General Stats
  • This quiz has been taken 1 time
  • The average score is 2 of 8
Answer Stats
Picture Hint Answer % Correct
Uncommon - 19.5% Lil Bot
100%
Legendary - 0.3% Mega Bot
100%
Uncommon - 19.5% Angry Bot
0%
Epic - 3.7% Brainy Bot
0%
Rare - 9% Buddy Bot
0%
Uncommon - 19.5% Happy Bot
0%
Uncommon - 19.5% Lovely Bot
0%
Rare - 9% Watson
0%
No matching quizzes found
Score Distribution
Percent of People with Each Score
Percentile by Number Answered
Your Score History
You have not taken this quiz